Statistics for Capitals of the Gulf Countries

Click here to take the quiz!

General Stats

  • This quiz has been taken 17 times
  • The average score is 8 of 9

Answer Stats

CountryCapital% Correct
KuwaitKuwait City
100%
IranTehran
100%
United Arab EmiratesAbu Dhabi
94%
IraqBaghdad
94%
Saudi ArabiaRiyadh
94%
QatarDoha
81%
OmanMuscat
81%
BahrainManama
75%
YemenSan'aa
75%

Score Distribution

Percentile by Number Answered

Percent of People with Each Score

Your Score History

You have not taken this quiz